Fortnite Top Streamers - Statistics

General Stats
  • This quiz has been taken 150 times
  • The average score is 5 of 38
Answer Stats
Answer % Correct
Ninja
96%
TSM_Myth
47%
DrLupo
44%
TSM_Daequan
42%
TimTheTatman
34%
TSM_Hamlinz
33%
SypherPK
30%
dakotaz
28%
cloakzy
18%
NICKMERCS
18%
CouRageJD
17%
HighDistortion
16%
pokimane
14%
Not Tfue
12%
Chap
8%
Cizzorz
8%
Typical Gamer
8%
POACH
7%
TSM_CamiLLs
6%
Symfuhny
5%
Valkyrae
5%
NateHill
3%
RealKrafty
3%
Vivid
3%
Sceptic
2%
SpaceLyon
2%
BasicallyIDoWrk
1%
Fearitself
1%
GhostNinja
1%
Hysteria
1%
JordanFisher
1%
AlexRamiGaming
0%
IzzyGoneCrazy
0%
Reverse2k
0%
SanchoWest
0%
Svennoss
0%
Thiefs
0%
Yanni_
0%
No matching quizzes found
Score Distribution
Percent of People with Each Score
Percentile by Number Answered
Your Score History
You have not taken this quiz